| 000 | 01929cam a2200409/i 4500 | ||
|---|---|---|---|
| 001 | 23990570 | ||
| 003 | BJBSDDR | ||
| 005 | 20260421120426.0 | ||
| 007 | ta | ||
| 008 | 250113s2025 nyu b 001 0 eng | ||
| 010 | _a 2024041741 | ||
| 020 |
_a9780593545270 _q(hardcover) |
||
| 020 |
_z9780593545294 _q(epub) |
||
| 035 | _a23990570 | ||
| 040 |
_aDLC _beng _erda _cDLC _dDLC |
||
| 041 | _aeng | ||
| 042 | _apcc | ||
| 050 | 0 | 0 |
_aBF455 _bM135m 2025 |
| 082 | 0 | 0 |
_a401/.9 _223/eng/20250212 |
| 100 | 1 |
_aMacDonald, Maryellen Coles _d1960- _eauthor. _948035 |
|
| 245 | 1 | 0 |
_aMore than words : _bhow talking sharpens the mind and shapes our world / _cMaryellen MacDonald. |
| 264 | 1 |
_aNew York : _bAvery, _c[2025]. |
|
| 300 |
_axix, 316 pages ; _c24 cm. |
||
| 336 |
_atext _btxt _2rdacontent |
||
| 337 |
_aunmediated _bn _2rdamedia |
||
| 338 |
_avolume _bnc _2rdacarrier |
||
| 504 | _aIncludes bibliographical references and index. | ||
| 505 | 0 | _aIntroduction -- We Do the Talking -- Talk Baby to Me -- The Challenge of Talking -- Talking Tunes Our Brains -- Talking and Mental Focus -- Talking to Learn -- Talking and Aging Well -- Talking out in the World -- Talking Changeth Language -- By Your Talking You Shall Be Judged -- The Emerging Science Analyzing our Talk -- Afterword. | |
| 520 |
_a"A professor of psychology and language sciences, Maryellen MacDonald's book explores the power of talking, how we do it, how it shapes us, and how we can harness discussion to better connect with each other"-- _cProvided by publisher. |
||
| 650 | 0 | _aSpeech. | |
| 650 | 0 | _aPsycholinguistics. | |
| 650 | 0 | _aPsychology. | |
| 776 | 0 | 8 |
_iOnline version: _aMacDonald, Maryellen, 1960- _tMore than words _dNew York : Avery, [2025] _z9780593545294 _w(DLC) 2024041742 |
| 906 |
_a7 _bcbc _corignew _d1 _eecip _f20 _gy-gencatlg |
||
| 942 |
_2lcc _cBK _n0 |
||
| 999 |
_c126864 _d126864 |
||